Τα στερεότυπα των δύο φύλων στα σχολικά εγχειρίδια της Γλώσσας της Δ' δημοτικού : διπλωματική εργασία [μεταπτυχιακή εργασία]
Αποθηκεύτηκε σε:
| Κύριος συγγραφέας: | |
|---|---|
| Συγγραφή απο Οργανισμό/Αρχή: | |
| Μορφή: | Thesis Βιβλίο |
| Γλώσσα: | Greek |
| Δημοσίευση: |
2015.
|
| Θέματα: | |
| Διαθέσιμο Online: | http://hdl.handle.net/11610/13823 |
| Ετικέτες: |
Προσθήκη ετικέτας
Δεν υπάρχουν, Καταχωρήστε ετικέτα πρώτοι!
|
MARC
| LEADER | 00000cam a2200000 a 4500 | ||
|---|---|---|---|
| 001 | 1/109977 | ||
| 008 | 160218s2014####gr | ||| |||| ||gre|| | ||
| 040 | |a GR-MyUa |b gre |c GR-MyUa |e AACR2 | ||
| 041 | 0 | |a gre | |
| 082 | 7 | |a 379.156 |2 (23) | |
| 100 | 1 | |a Νταμκαρέλου, Ευαγγελία. | |
| 245 | 1 | 3 | |a Τα στερεότυπα των δύο φύλων στα σχολικά εγχειρίδια της Γλώσσας της Δ' δημοτικού : |b διπλωματική εργασία [μεταπτυχιακή εργασία] / |c Νταμκαρέλου Ευαγγελία ; επιβλέπων καθηγητής Γουβιάς Διονύσιος. |
| 260 | |c 2015. | ||
| 300 | |a 118 σ. : |b πίν., διάγρ. ; |c 30 εκ. | ||
| 500 | |a Υπάρχει ψηφιακό αντίγραφο. | ||
| 502 | # | # | |a Διατριβή (μεταπτυχιακή) – Πανεπιστήμιο Αιγαίου, Ρόδος, 2014. |
| 504 | |a Βιβλιογραφία: σ. 83-91. | ||
| 506 | 1 | |b Πλήρες κείμενο - Ενδοπανεπιστημιακή δημοσίευση - Κλειδωμένη η δυνατότητα αντιγραφής του κειμένου. | |
| 650 | 0 | |a Stereotypes (Social psychology) | |
| 650 | 0 | |a Textbooks |z Greece. | |
| 650 | 0 | |a Sexism in textbooks. | |
| 650 | 0 | |a Sexism in education. | |
| 650 | 0 | |a Sex discrimination in education. | |
| 650 | 0 | |a Sex differences in education. | |
| 650 | 0 | |a Educational surveys. | |
| 700 | 1 | |a Γουβιάς, Διονύσης Σ. |e dgs | |
| 710 | 1 | |a Πανεπιστήμιο Αιγαίου |b Σχολή Ανθρωπιστικών Επιστημών |b Τμήμα Επιστημών της Προσχολικής Αγωγής και του Εκπαιδευτικού Σχεδιασμού |b Πρόγραμμα Μεταπτυχιακών Σπουδών Φύλο και Νέα Εκπαιδευτικά και Εργασιακά Περιβάλλοντα στην Κοινωνία της Πληροφορίας. | |
| 852 | |a INST |b RHODES |c DIATR |e 20160218 |h 379.156 ΝΤΑ |p 005400038232 |q 005400038232 |t MTXE |y 23 | ||
| 856 | |u http://hdl.handle.net/11610/13823 | ||
| 924 | |a Νταμκαρέλου |b Ευαγγελία |y Ρόδος |z 2015-10 | ||
| 970 | |z 18-02-2016 | ||